000 00451nam a22001697a 4500
003 NUST - PNEC
005 20170116181114.0
008 151004b xxu||||| |||| 00| 0 eng d
020 _a-
040 _cLIBRARY
082 _a624.171 JEN
100 _913077
_aJenkins, W. M.
245 _aMatrix and digital computer methods in structural analysis
_cW. M. Jenkins
260 _cc.1969
650 _913081
_aStructure analysis
_xMIS
942 _2ddc
_cBK
999 _c69239
_d69239